Pacha Pulai

Saved in:
Bibliografiske detaljer
Hovedforfatter: Silva Andueza, Hugo (Author)
Format: Bog
Sprog:spansk
Udgivet: Santiago Zig-Zag 1973
Udgivelse:8a. ed
Fag:
Tags: Tilføj Tag
Ingen Tags, Vær først til at tagge denne postø!

MARC

LEADER 00000nam a2200000 a 4500
001 UCH4260
003 CL-VaPUC
008 090818e19730000CL |||||||||||||||||spa|d
082 0 4 |a Ch863  |b SIL  |2 21 
100 0 |a Silva Andueza, Hugo  |e author  |9 539727 
245 1 0 |a Pacha Pulai 
250 |a 8a. ed 
300 |a 216 p 
942 |c BK 
945 |d 20090818 00:00:00  |a lazolas 
260 |a Santiago  |b Zig-Zag  |c 1973 
650 0 |a Novelas chilenas   |9 265425 
583 |a last modification  |c 20090818 00:00:00  |k Rodrigo Vera 
999 |c 335594  |d 335592